000 00901nam a22002417a 4500
005 20240530110934.0
008 220221s1990 ua c g b 000 0 ara d
017 _bمصر. دار الكتب
040 _aEG-CaGPL
_cEG-CaGPL
082 0 4 _221
_a362.61 /
_bم ى
110 0 _aمنظمة الامم المتحدة للاطفال
245 1 0 _aيونيسف فى مصر /
_cتاليف منظمة الامم المتحدة للاطفال ؛ محرر شارون ميجر
260 _aالقاهرة :
_bمنظمة الامم المتحدة للاطفال ،
_c1990
300 _a39 ص؛
_c20 سم
650 0 7 _aاليونيسف
_2qrmak
650 0 7 _aالصحة
_2qrmak
650 0 7 _aتنمية المراة
_2qrmak
650 0 7 _aالاطفال
_2qrmak
_yمصر
651 _2qrmak
700 _aشارون ميجر
_eمحرر
942 _2ddc
_cBK
999 _c66701
_d66701